000 02190cam a22002054a 4500
005 20250605164233.0
008 250528s ||||||||||||||||||||||||d
035 _a21034
020 _a9789606863691
040 _aGR-AtMCL
_bgre
_dGR-AtMCL
_eAACR2
245 1 _aΣτατιστική στις Επιστήμες της Συμπεριφοράς με τη Χρήση του SPSS
260 _bΤόπος,
_c2011
300 _a616
520 _aΤο βιβλίο αποτελεί έναν απλό οδηγό το οπόιο έρχεται να καταρρίψει τον μύθο της Στατιστικής ως ενός δυσνόητου και απαιτητικού - από άποψη μαθηματικών γνώσεων - αντικειμένου. Πρόλογος, Εισαγωγή, Βασικές Αρχές Μέτρησης, Παρουσίαση Δεδομένων, Δείκτες Κεντρικής Τάσης, Δείκτες Διασποράς, Η Κανονική Κατανομή, Έλεγχος Υποθέσεων, Η Έννοια της Συσχέτισης, Υπολογισμός του Συντελεστή Συσχέτισης, Ανάλυση Παλινδρόμησης, Σύγκριση Μέσων Όρων: Ένα Δείγμα, Σύγκριση Μεταξύ Δύο Δειγμάτων: Το Κριτήριο t, Εισαγωγή στην Ανάλυση Διακύμανσης, Μονοπαραγοντική Ανάλυση Διακύμανσης, Παραγοντική Ανάλυση Διακύμανσης Ανεξάρτητων Δειγμάτων, Ανάλυση Διακύμανσης για Ερευνητικούς Σχεδιασμούς Επαναλαμβανόμενων Μετρήσεων, Σύγκριση Συχνοτήτων Κατηγοριών: Το Στατιστικό Κριτήριο x2, Μη Παραμετρικά Κριτήρια, Διαδικασία Επιλογής Κατάλληλου Στατιστικού Κριτηρίου, Βιβλιογραφία, Παραρτήματα.
700 1 _aΡούσσος Πέτρος Λ
_97050
700 1 _aΤσαούσης Γιάννης
942 _cBK
999 _c6106
_d6106